00691cjm a22002175a 4500001000500000005001700005020001700022040001800039050001300057082001600070100001400086245003100100260004900131300004800180505000700228520016800235521002600403521001700429650001400446650001300460235220250813110318.0 a033500711008 aDLCcDLCbeng00aPZ8.C488 a398.2094402 aAnonymous00aWalt Disney's cinderella / aRacine :bWestern Publishing Company,c1986, a25 unnumbered pages :billustrationsc20 cm aK  aWith the help of her fairy godmother, a kitchen maid mistreated by her stepmother and stepsisters attends the palace ball where she meets the prince of her dreams. a520 bLexile estimate aK bRaz-Plus aFairytale aPrincess